Statistiques concernant Tous les pokémon de Roxanne

Cliquez ici pour prendre le quiz!

Statistiques générales

  • Ce quiz a été pris 22 fois
  • Le résultat moyen est 13 sur 16

Statistiques - réponses

HintRéponse% Correct
EmeraudeGrolem
100%
Rubis & SaphirRacaillou
100%
Tarinor
100%
Noir2 & Blanc2Tarinorme
100%
Armaldo
94%
Steelix
94%
Vacilys
94%
Onix
88%
Ptera
76%
Amonistar
71%
Amonita
71%
Kabuto
71%
Kabutops
71%
Relicanth
59%
Galeking
53%
Mégapagos
47%

Distribution des résultats

Percentile par nombre de réponses

% des personnes avec chaque résultat

Votre développement - résultats

Vous n’avez pas pris ce quiz